000 00377nam a2200157Ia 4500
008 230524s9999 xx 000 0 und d
082 _a401.11
_bKAL
100 _aAPJ Abdul Kalam
245 0 _aWings of Fire
250 _a1ST
260 _aHYDERABAD
_bUniversity
_c1999
300 _aXVI;180
500 _aQuantity Number: 4
650 _aMiscellaneous
_91877
942 _cBK
999 _c26246
_d26246